[Event "DEM U16w 2004"]
[Site "Willingen GER"]
[Date "2004.06.04"]
[Round "8"]
[White "Stemmler, Lysan"]
[Black "Rath, Alina"]
[Result "0-1"]
[Termination "normal"]
[Board "8"]
[WhiteElo "1809"]
[BlackElo "1685"]
[PlyCount "132"]
[WhiteFideId "24622451"]
[BlackFideId "24607886"]
[EventCountry "GER"]
[EventRounds "9"]
[EventType "swiss"]
[EventDate "2004.05.29"]

1. e4 c5 2. c3 Nc6 3. d4 cxd4 4. cxd4 d5 5. exd5 Qxd5 6. Nf3 e5 7. Nc3 Bb4 8.
Bd2 Bxc3 9. Bxc3 e4 10. Ne5 Nxe5 11. dxe5 Ne7 12. Be2 O-O 13. O-O Be6 14. Bb4
Rfe8 15. Bd6 Nf5 16. Qxd5 Bxd5 17. Rfd1 Bc6 18. Bg4 Nxd6 19. exd6 Rad8 20. Rac1
g6 21. b4 a6 22. a4 f5 23. Be2 Bxa4 24. Rd4 Kg7 25. b5 Bxb5 26. Bxb5 axb5 27.
d7 Re7 28. Rc7 b6 29. Kf1 Kf6 30. Rd6+ Re6 31. Rdc6 Rxc6 32. Rxc6+ Ke7 33. Rxb6
Rxd7 34. Rxb5 Kf6 35. Ke2 Kg5 36. f3 exf3+ 37. Kxf3 Ra7 38. Rb3 Ra4 39. Rb7
Ra3+ 40. Kf2 h5 41. Rb4 h4 42. g3 Ra2+ 43. Kg1 hxg3 44. hxg3 Re2 45. Ra4 Kh5
46. Rh4+ Kg5 47. Ra4 Rb2 48. Rc4 Kh6 49. Rh4+ Kg7 50. Ra4 g5 51. Ra6 Kf7 52.
Kf1 g4 53. Kg1 Rd2 54. Kf1 Ke7 55. Kg1 Rd6 56. Ra8 Ke6 57. Re8+ Kd5 58. Kf2 Re6
59. Ra8 Rc6 60. Rd8+ Rd6 61. Ra8 Ke4 62. Ra3 Rd2+ 63. Kg1 Rd3 64. Ra4+ Kf3 65.
Rf4+ Kxg3 66. Rxf5 Rd1+ 0-1

[Event "DEM U16w 2004"]
[Site "Willingen GER"]
[Date "2004.06.04"]
[Round "8"]
[White "Gasch, Franziska"]
[Black "Nguyen, Hoa-My"]
[Result "1/2-1/2"]
[Termination "normal"]
[Board "9"]
[WhiteElo "1656"]
[BlackElo "1657"]
[PlyCount "56"]
[WhiteFideId "24632139"]
[EventCountry "GER"]
[EventRounds "9"]
[EventType "swiss"]
[EventDate "2004.05.29"]

1. e4 c5 2. Nc3 Nc6 3. d3 g6 4. g3 Bg7 5. Bg2 e6 6. Be3 b6 7. Qd2 Bb7 8. Nge2
a6 9. d4 cxd4 10. Nxd4 Ne5 11. Qe2 b5 12. Rd1 Ne7 13. O-O O-O 14. Nb1 Nc4 15.
Bc1 Qb6 16. c3 d5 17. b3 Ne5 18. f4 N5c6 19. e5 Nf5 20. Qf2 Ncxd4 21. cxd4 Rac8
22. Bh3 Nd6 23. Bg2 Rc7 24. Ba3 Ne4 25. Bxe4 b4 26. Bd3 bxa3 27. Nxa3 Qa5 28.
Qb2 Rfc8 1/2-1/2

[Event "DEM U16w 2004"]
[Site "Willingen GER"]
[Date "2004.06.04"]
[Round "8"]
[White "Popovic, Nathalie"]
[Black "Janiesch, Maike"]
[Result "1/2-1/2"]
[Termination "normal"]
[Board "11"]
[WhiteElo "1497"]
[BlackElo "1361"]
[PlyCount "32"]
[WhiteFideId "24630292"]
[EventCountry "GER"]
[EventRounds "9"]
[EventType "swiss"]
[EventDate "2004.05.29"]

1. d4 d5 2. c4 e6 3. Nc3 Nf6 4. cxd5 exd5 5. Bg5 c6 6. e3 Be7 7. Qc2 Nbd7 8.
Bd3 Nh5 9. Bxe7 Qxe7 10. Nf3 Nf4 11. O-O Nxd3 12. Qxd3 O-O 13. Rab1 Nb6 14. Nd2
Qg5 15. Nf3 Bf5 16. Qe2 Qg6 1/2-1/2

[Event "DEM U16w 2004"]
[Site "Willingen GER"]
[Date "2004.06.04"]
[Round "8"]
[White "Imas, Denisa"]
[Black "Rüdel, Anita"]
[Result "0-1"]
[Termination "normal"]
[Board "12"]
[WhiteElo "1063"]
[BlackElo "1556"]
[PlyCount "120"]
[EventCountry "GER"]
[EventRounds "9"]
[EventType "swiss"]
[EventDate "2004.05.29"]

1. d4 e6 2. c4 d5 3. Nc3 c6 4. Nf3 Nf6 5. a4 Be7 6. Bf4 Nbd7 7. e3 O-O 8. cxd5
exd5 9. h4 Nh5 10. Bg5 f6 11. Bd3 fxg5 12. Nxg5 Bxg5 13. Qxh5 Bh6 14. Qe2 Nf6
15. f3 g6 16. g4 Bg7 17. h5 g5 18. h6 Bh8 19. Qc2 Qe7 20. e4 dxe4 21. Bc4+ Be6
22. Nxe4 Bxc4 23. Qxc4+ Rf7 24. O-O-O Nxe4 25. fxe4 Qxe4 26. Rhf1 Raf8 27. Rxf7
Rxf7 28. Rf1 Qe3+ 29. Kb1 Qe4+ 30. Ka1 Qe7 31. Rf5 Kf8 32. Rxf7+ Qxf7 33. Qc5+
Ke8 34. Qxa7 Qd7 35. Qb8+ Qd8 36. Qxb7 Qxd4 37. Qxc6+ Kd8 38. Qa8+ Kc7 39. Qg2
Qxa4+ 40. Kb1 Qc6 41. Qg3+ Kb7 42. Qb3+ Qb6 43. Qf7+ Ka6 44. Qa2+ Kb7 45. Qf7+
Qc7 46. Qd5+ Qc6 47. Qf7+ Kb6 48. Qb3+ Qb5 49. Qe6+ Ka5 50. Qa2+ Kb4 51. Qa3+
Kc4 52. Qa2+ Kd3 53. Qa3+ Kd2 54. Qd6+ Qd3+ 55. Qxd3+ Kxd3 56. b4 Bd4 57. Kc1
Ke3 58. Kc2 Kf4 59. Kd3 Bb6 60. Kc4 Kxg4 0-1

[Event "DEM U16w 2004"]
[Site "Willingen GER"]
[Date "2004.06.04"]
[Round "8"]
[White "Donner, Lioba"]
[Black "Nischik, Natascha"]
[Result "1/2-1/2"]
[Termination "normal"]
[Board "13"]
[WhiteElo "1524"]
[BlackElo "1300"]
[PlyCount "50"]
[BlackFideId "4633849"]
[EventCountry "GER"]
[EventRounds "9"]
[EventType "swiss"]
[EventDate "2004.05.29"]

1. e4 e6 2. d4 b6 3. Bd3 Bb7 4. Nd2 c5 5. c3 Nf6 6. Ngf3 d6 7. Qe2 Be7 8. O-O
Nbd7 9. Re1 a5 10. Nf1 Qc8 11. Bd2 Ba6 12. Ng3 Bxd3 13. Qxd3 Qa6 14. Qxa6 Rxa6
15. Rac1 O-O 16. Bf4 Rc8 17. e5 dxe5 18. Nxe5 Nxe5 19. Bxe5 Ng4 20. Rcd1 Nxe5
21. Rxe5 Bf6 22. Re2 cxd4 23. cxd4 Rd8 24. Red2 b5 25. Ne4 Be7 1/2-1/2

[Event "DEM U16w 2004"]
[Site "Willingen GER"]
[Date "2004.06.05"]
[Round "9"]
[White "Großmann, Susan"]
[Black "Ohme, Melanie"]
[Result "0-1"]
[Termination "normal"]
[Board "1"]
[WhiteElo "1977"]
[BlackElo "2000"]
[PlyCount "82"]
[WhiteFideId "24608220"]
[BlackFideId "4690745"]
[EventCountry "GER"]
[EventRounds "9"]
[EventType "swiss"]
[EventDate "2004.05.29"]

1. e4 c5 2. Nf3 e6 3. d4 cxd4 4. Nxd4 a6 5. c4 Qc7 6. a3 Nf6 7. Nc3 b6 8. Be3
Bb7 9. f3 d6 10. Be2 Nbd7 11. Rc1 Be7 12. O-O O-O 13. Kh1 Rac8 14. b4 Qb8 15.
Qd2 Bd8 16. Na4 Bc7 17. Bg1 Rfe8 18. Rc2 Ne5 19. Rb1 d5 20. exd5 exd5 21. c5 b5
22. c6 Nxc6 23. Nxc6 Bxc6 24. Rxc6 Bf4 25. Rxc8 Rxc8 26. Qd3 bxa4 27. Qxa6 Rd8
28. Qxa4 d4 29. Rd1 Qe5 30. Qb5 Rd5 31. Qc4 Be3 32. Bxe3 Qxe3 33. a4 Rd8 34. b5
Nh5 35. a5 Nf4 36. Re1 d3 37. b6 Qxe2 38. Rxe2 dxe2 39. Qxe2 Nxe2 40. g3 Nc3
41. a6 Nb5 0-1

[Event "DEM U16w 2004"]
[Site "Willingen GER"]
[Date "2004.06.05"]
[Round "9"]
[White "Winkelmann, Elena"]
[Black "Hoolt, Sarah"]
[Result "0-1"]
[Termination "normal"]
[Board "2"]
[WhiteElo "1920"]
[BlackElo "2074"]
[PlyCount "100"]
[WhiteFideId "24607630"]
[BlackFideId "24606812"]
[EventCountry "GER"]
[EventRounds "9"]
[EventType "swiss"]
[EventDate "2004.05.29"]

1. d4 Nf6 2. c4 g6 3. Nc3 d5 4. cxd5 Nxd5 5. e4 Nxc3 6. bxc3 Bg7 7. Bc4 c5 8.
Ne2 O-O 9. O-O Nc6 10. Be3 Bg4 11. f3 Na5 12. Bd3 cxd4 13. cxd4 Be6 14. Qd2 Nc4
15. Bxc4 Bxc4 16. Rfd1 Qd7 17. Rac1 Rac8 18. Nc3 b5 19. a3 a5 20. e5 Rfd8 21.
Ne4 Ra8 22. Bh6 Bh8 23. Qf4 Qd5 24. Qh4 Ra7 25. Bg5 Re8 26. Bf4 Bg7 27. Bh6 Qd8
28. Bxg7 Kxg7 29. Nc5 Qd5 30. Ne4 Qd8 31. Ng5 h6 32. Ne4 Qb6 33. Nc5 Bd5 34. f4
b4 35. Rb1 b3 36. Rd3 a4 37. Rh3 Rh8 38. Rg3 b2 39. Nd3 Qxd4+ 40. Kh1 Rb7 41.
Qg4 Ba2 42. Rxb2 Rxb2 43. Nxb2 Qxb2 44. h4 h5 45. Qg5 Qc1+ 46. Kh2 Be6 47. Rf3
Bg4 48. Rd3 Qc5 49. Rg3 Rb8 50. f5 Qxe5 0-1

[Event "DEM U16w 2004"]
[Site "Willingen GER"]
[Date "2004.06.05"]
[Round "9"]
[White "Butschek, Tanja"]
[Black "Opaska, Ines"]
[Result "1-0"]
[Termination "normal"]
[Board "3"]
[WhiteElo "1748"]
[BlackElo "1692"]
[PlyCount "43"]
[WhiteFideId "24604640"]
[EventCountry "GER"]
[EventRounds "9"]
[EventType "swiss"]
[EventDate "2004.05.29"]

1. e4 d5 2. exd5 Qxd5 3. Nc3 Qa5 4. d4 c6 5. Bc4 Nf6 6. Bd2 Bf5 7. Qe2 Nbd7 8.
O-O-O e6 9. d5 cxd5 10. Nxd5 Qd8 11. Nxf6+ Qxf6 12. Bc3 Qg5+ 13. Kb1 Rd8 14.
Nf3 Qg4 15. Rhe1 Be7 16. Bb5 f6 17. Nd4 e5 18. f3 Qg6 19. g4 a6 20. gxf5 Qf7
21. Bc4 Qh5 22. Ne6 1-0

[Event "DEM U16w 2004"]
[Site "Willingen GER"]
[Date "2004.06.05"]
[Round "9"]
[White "Tovmasian, Nelli"]
[Black "Neldner, Uta"]
[Result "1-0"]
[Termination "normal"]
[Board "4"]
[WhiteElo "1612"]
[BlackElo "1683"]
[PlyCount "107"]
[WhiteFideId "24611735"]
[BlackFideId "24604070"]
[EventCountry "GER"]
[EventRounds "9"]
[EventType "swiss"]
[EventDate "2004.05.29"]

1. e4 d5 2. exd5 Qxd5 3. Nc3 Qa5 4. d4 c6 5. Bc4 Nf6 6. Nf3 Bg4 7. O-O e6 8.
Re1 Nbd7 9. h3 Bh5 10. a3 Bd6 11. Qe2 O-O-O 12. Be3 Qc7 13. b4 Nd5 14. Bxd5
cxd5 15. Nb5 Qb6 16. Rec1 Bxf3 17. Nxd6+ Qxd6 18. Qxf3 Nb6 19. Qxf7 Rd7 20. Qf4
Qe7 21. Qg5 Qe8 22. Re1 Rf8 23. Bf4 Rdf7 24. Bg3 Nc4 25. Qh5 g6 26. Qe2 Kd7 27.
a4 h6 28. Rab1 g5 29. Rb3 Rf6 30. Rc3 Qc8 31. Rf1 R8f7 32. Be5 Rg6 33. Qh5 Qg8
34. Qe2 g4 35. hxg4 Rxg4 36. Rg3 Nxe5 37. Qxe5 Rxg3 38. Qxg3 Rg7 39. Qh3 Qf8
40. c3 Qf4 41. Re1 Rg6 42. Re3 Qf8 43. Re5 Kd6 44. Re3 Qe8 45. Qh2+ Kd7 46. Qe5
Rg5 47. Qf6 Rg6 48. Qh4 Qf8 49. Qh3 Qe7 50. Kh2 Qd6+ 51. Re5 Ke7 52. Qf5 Rf6
53. Qh7+ Ke8 54. Qg8+ 1-0

[Event "DEM U16w 2004"]
[Site "Willingen GER"]
[Date "2004.06.05"]
[Round "9"]
[White "Nuber, Helene"]
[Black "Rath, Alina"]
[Result "0-1"]
[Termination "normal"]
[Board "5"]
[WhiteElo "2065"]
[BlackElo "1685"]
[PlyCount "80"]
[WhiteFideId "24613045"]
[BlackFideId "24607886"]
[EventCountry "GER"]
[EventRounds "9"]
[EventType "swiss"]
[EventDate "2004.05.29"]

1. e4 c5 2. Nc3 Nc6 3. Bb5 g6 4. Bxc6 bxc6 5. d3 Bg7 6. Be3 d6 7. Qd2 Rb8 8.
Rb1 Nf6 9. h3 Qa5 10. Nge2 d5 11. exd5 cxd5 12. d4 c4 13. O-O O-O 14. Bh6 Bd7
15. Rfe1 Rfe8 16. Bxg7 Kxg7 17. Nf4 e6 18. h4 h5 19. f3 Qd8 20. Nh3 Ng8 21. Qf4
Qf6 22. Kh2 Qxf4+ 23. Nxf4 Ne7 24. g4 hxg4 25. fxg4 Nc6 26. Nfe2 e5 27. Nxd5
exd4 28. g5 Bf5 29. Rbc1 d3 30. cxd3 cxd3 31. Rxc6 d2 32. Rd1 Rxe2+ 33. Kg3 Be4
34. Nf4 Re1 35. Rxg6+ Bxg6 36. Rxd2 Bb1 37. Nh5+ Kf8 38. Nf6 Rc8 39. Kf2 Rh1
40. Kg3 Rhc1 0-1

[Event "DEM U16w 2004"]
[Site "Willingen GER"]
[Date "2004.06.05"]
[Round "9"]
[White "Albano Jeremias, Bianca"]
[Black "Hofmann, Annett"]
[Result "0-1"]
[Termination "normal"]
[Board "6"]
[WhiteElo "1694"]
[BlackElo "1992"]
[PlyCount "56"]
[WhiteFideId "24634247"]
[BlackFideId "24603759"]
[EventCountry "GER"]
[EventRounds "9"]
[EventType "swiss"]
[EventDate "2004.05.29"]

1. e4 c5 2. Nf3 d6 3. d4 cxd4 4. Nxd4 Nf6 5. Nc3 a6 6. Be2 e6 7. O-O Nbd7 8. f4
b5 9. Bf3 Bb7 10. e5 Bxf3 11. Qxf3 b4 12. exf6 bxc3 13. fxg7 Bxg7 14. bxc3 Rc8
15. f5 e5 16. Ne2 Rg8 17. Ba3 Nf6 18. Rad1 Bf8 19. h3 Rc4 20. Bc1 Ne4 21. Rfe1
Be7 22. Qd3 Qc8 23. Bd2 Bh4 24. Rf1 Qc6 25. Rb1 Nxd2 26. Rb8+ Bd8 27. Rf2 Ne4
28. Rf3 Kd7 0-1

[Event "DEM U16w 2004"]
[Site "Willingen GER"]
[Date "2004.06.05"]
[Round "9"]
[White "Chin, Karin"]
[Black "Gasch, Franziska"]
[Result "1/2-1/2"]
[Termination "normal"]
[Board "7"]
[WhiteElo "1864"]
[BlackElo "1656"]
[PlyCount "63"]
[WhiteFideId "24608157"]
[BlackFideId "24632139"]
[EventCountry "GER"]
[EventRounds "9"]
[EventType "swiss"]
[EventDate "2004.05.29"]

1. e4 d5 2. exd5 Nf6 3. d4 Nxd5 4. Be2 g6 5. Nf3 Bg7 6. O-O O-O 7. c3 Nc6 8.
Bg5 h6 9. Bh4 a6 10. Re1 Bf5 11. Na3 Qd7 12. Nc4 f6 13. Bg3 b5 14. Ne3 Be6 15.
Nf1 Nb6 16. N1d2 f5 17. Be5 Nxe5 18. Nxe5 Bxe5 19. dxe5 Rad8 20. Nb3 Qxd1 21.
Raxd1 Bc4 22. Nc1 Bxe2 23. Nxe2 c5 24. b3 a5 25. Nf4 Kf7 26. Kf1 g5 27. Nd3 Rc8
28. f4 Rfd8 29. g3 c4 30. bxc4 Rxc4 31. e6+ Kf6 32. Ne5 1/2-1/2

[Event "DEM U16w 2004"]
[Site "Willingen GER"]
[Date "2004.06.05"]
[Round "9"]
[White "Reiske, Anne"]
[Black "Herkt, Julia"]
[Result "1-0"]
[Termination "normal"]
[Board "8"]
[WhiteElo "1842"]
[BlackElo "1581"]
[PlyCount "85"]
[WhiteFideId "24635472"]
[EventCountry "GER"]
[EventRounds "9"]
[EventType "swiss"]
[EventDate "2004.05.29"]

1. d4 d5 2. c4 e6 3. cxd5 exd5 4. Nc3 c6 5. Nf3 Bd6 6. Qc2 Qc7 7. h3 Ne7 8. e3
Bf5 9. Bd3 Bxd3 10. Qxd3 O-O 11. O-O Nd7 12. Bd2 Rac8 13. Rfc1 Qb8 14. a4 f5
15. Ne2 Nf6 16. b4 Ne4 17. b5 c5 18. dxc5 Nxc5 19. Qb1 Ne4 20. Qa2 Rxc1+ 21.
Rxc1 Rc8 22. Rd1 Rc4 23. Be1 Qc7 24. Nfd4 Bb4 25. Bxb4 Rxb4 26. Nxf5 Nxf5 27.
Rxd5 Qc4 28. Qxc4 Rxc4 29. Rxf5 Rxa4 30. Nd4 Ra1+ 31. Kh2 Ra2 32. f3 Nd2 33. e4
Ra1 34. h4 Nf1+ 35. Kh3 Ne3 36. Rg5 h6 37. Rc5 a6 38. Rc7 b6 39. Rc6 a5 40.
Rxb6 a4 41. Ra6 Nc4 42. b6 Nd6 43. e5 1-0

[Event "DEM U16w 2004"]
[Site "Willingen GER"]
[Date "2004.06.05"]
[Round "9"]
[White "Janiesch, Maike"]
[Black "Götze, Nadja"]
[Result "1/2-1/2"]
[Termination "normal"]
[Board "9"]
[WhiteElo "1361"]
[BlackElo "1435"]
[PlyCount "47"]
[EventCountry "GER"]
[EventRounds "9"]
[EventType "swiss"]
[EventDate "2004.05.29"]

1. d4 e6 2. c4 d5 3. Nc3 Nf6 4. cxd5 exd5 5. Bg5 c6 6. e3 Be7 7. Bd3 Nbd7 8.
Qc2 O-O 9. Nge2 Re8 10. O-O Nf8 11. Rab1 a5 12. a3 g6 13. b4 axb4 14. axb4 Ne6
15. Bh4 Ng7 16. b5 Bf5 17. Bxf5 Nxf5 18. Bxf6 Bxf6 19. bxc6 bxc6 20. Na4 Qd6
21. Rfc1 Ne7 22. Nc5 Reb8 23. Rxb8+ Rxb8 24. Rb1 1/2-1/2

[Event "DEM U16w 2004"]
[Site "Willingen GER"]
[Date "2004.06.05"]
[Round "9"]
[White "Nguyen, Hoa-My"]
[Black "Stemmler, Lysan"]
[Result "1/2-1/2"]
[Termination "normal"]
[Board "10"]
[WhiteElo "1657"]
[BlackElo "1809"]
[PlyCount "131"]
[BlackFideId "24622451"]
[EventCountry "GER"]
[EventRounds "9"]
[EventType "swiss"]
[EventDate "2004.05.29"]

1. e4 d6 2. d4 g6 3. Nc3 Bg7 4. f4 Nf6 5. Nf3 O-O 6. Bd3 c5 7. dxc5 dxc5 8. O-O
e6 9. Kh1 b6 10. Qe1 Bb7 11. f5 exf5 12. exf5 Qc7 13. Qh4 Nbd7 14. Bf4 Qd8 15.
fxg6 hxg6 16. Bg5 Qc7 17. Rae1 Rae8 18. Qh3 c4 19. Be2 Qc5 20. Bh4 Re7 21. Nd2
b5 22. Bf2 Qd6 23. Rd1 Qa6 24. a4 b4 25. Bxc4 Qc6 26. Nb5 Re5 27. Nd4 Qxa4 28.
Ra1 Rh5 29. Bh4 Qxa1 30. Rxa1 g5 31. N2f3 gxh4 32. Kg1 Bc8 33. Nd2 Ne5 34. Qb3
h3 35. N4f3 hxg2 36. Nxe5 Rxe5 37. Nf3 Rf5 38. Rxa7 Nh5 39. Bxf7+ R8xf7 40.
Rxf7 Rxf7 41. Ng5 Bd4+ 42. Kxg2 Bb7+ 43. Kh3 Nf4+ 44. Kg4 Bc8+ 45. Kg3 Bf2+ 46.
Kxf2 Nh3+ 47. Ke2 Nxg5 48. Qd5 Bg4+ 49. Kd2 Nf3+ 50. Kc1 Kg7 51. b3 Rd7 52. Qe4
Rd4 53. Qe7+ Kg6 54. Qe8+ Kf5 55. Qf7+ Ke4 56. Qe7+ Kf4 57. Qf6+ Ke3 58. Qe7+
Kf2 59. Qa7 Bf5 60. Qc5 Be4 61. Kb2 Ke2 62. Qb5+ Ke3 63. Qc5 Kd2 64. h4 Ke2 65.
h5 Rd2 66. Qc4+ 1/2-1/2

[Event "DEM U16w 2004"]
[Site "Willingen GER"]
[Date "2004.06.05"]
[Round "9"]
[White "Dauer, Christina"]
[Black "Popovic, Nathalie"]
[Result "0-1"]
[Termination "normal"]
[Board "11"]
[WhiteElo "1563"]
[BlackElo "1497"]
[PlyCount "92"]
[WhiteFideId "24609781"]
[BlackFideId "24630292"]
[EventCountry "GER"]
[EventRounds "9"]
[EventType "swiss"]
[EventDate "2004.05.29"]

1. e4 e6 2. d3 d5 3. Nd2 Nf6 4. e5 Nfd7 5. Ndf3 c5 6. g3 Nc6 7. Bf4 Be7 8. Nh3
h6 9. Qd2 g5 10. Nhxg5 hxg5 11. Bxg5 Ndxe5 12. Nxe5 Bxg5 13. f4 Nxe5 14. Qe2
Bxf4 15. gxf4 Qh4+ 16. Qf2 Nf3+ 17. Ke2 Nd4+ 18. Ke3 Qxf2+ 19. Kxf2 Bd7 20. c3
Nf5 21. Re1 O-O-O 22. Rc1 Kb8 23. Bg2 Rdg8 24. Rb1 Rg4 25. b4 Rxf4+ 26. Ke2
cxb4 27. Rxb4 Rxb4 28. cxb4 Nd4+ 29. Kd2 Rc8 30. Rc1 Rg8 31. Ke3 Rxg2 32. Kxd4
Rxh2 33. a3 Ra2 34. Rc3 Ba4 35. Ke5 Rc2 36. Rxc2 Bxc2 37. d4 Kc7 38. Kf6 Bg6
39. Ke5 Kc6 40. Kf6 Kb5 41. Ke7 f5 42. Kxe6 f4 43. Kxd5 f3 44. Ke6 f2 45. d5
f1=Q 46. d6 Qf7+ 0-1

[Event "DEM U16w 2004"]
[Site "Willingen GER"]
[Date "2004.06.05"]
[Round "9"]
[White "Nischik, Natascha"]
[Black "Rüdel, Anita"]
[Result "0-1"]
[Termination "normal"]
[Board "12"]
[WhiteElo "1300"]
[BlackElo "1556"]
[PlyCount "120"]
[WhiteFideId "4633849"]
[EventCountry "GER"]
[EventRounds "9"]
[EventType "swiss"]
[EventDate "2004.05.29"]

1. c4 c5 2. Nc3 Nc6 3. Nf3 Nf6 4. g3 g6 5. Bg2 Bg7 6. d3 O-O 7. O-O d6 8. Bd2
Bd7 9. Rb1 Qc8 10. a3 Bh3 11. b4 Bxg2 12. Kxg2 e6 13. Ng5 Nd4 14. e3 Nf5 15.
Nge4 Nxe4 16. Nxe4 cxb4 17. axb4 d5 18. cxd5 exd5 19. Nc5 b6 20. Na4 Qb7 21. d4
Nd6 22. Rc1 Nc4 23. Rc3 Qe7 24. Rb3 Qe4+ 25. f3 Qe7 26. Nb2 Nxd2 27. Qxd2 Rfe8
28. Qd3 Bh6 29. Re1 Qd6 30. Nd1 Re7 31. e4 Rae8 32. Nc3 dxe4 33. Rxe4 Bg7 34.
Rxe7 Rxe7 35. Nb5 Qd5 36. Ra3 Rd7 37. Rxa7 Rxa7 38. Nxa7 Qa2+ 39. Kh3 Qxa7 40.
d5 Qd7+ 41. g4 h5 42. Qc4 hxg4+ 43. fxg4 b5 44. Qc6 Qxc6 45. dxc6 Be5 46. Kg2
Kf8 47. h3 Ke7 48. Kf3 Kd8 49. Ke4 Bc3 50. Kd5 Bxb4 51. h4 Bd2 52. h5 gxh5 53.
gxh5 b4 54. Kc4 Kc7 55. h6 Bxh6 56. Kxb4 Kxc6 57. Kc3 Kd5 58. Kd3 Ke5 59. Ke2
Kf4 60. Kf2 f5 0-1

[Event "DEM U16w 2004"]
[Site "Willingen GER"]
[Date "2004.06.05"]
[Round "9"]
[White "Imas, Denisa"]
[Black "Donner, Lioba"]
[Result "1-0"]
[Termination "normal"]
[Board "13"]
[WhiteElo "1063"]
[BlackElo "1524"]
[PlyCount "63"]
[EventCountry "GER"]
[EventRounds "9"]
[EventType "swiss"]
[EventDate "2004.05.29"]

1. d4 d5 2. c4 e6 3. Nc3 Nf6 4. Bf4 Be7 5. Nf3 O-O 6. e3 Nbd7 7. cxd5 exd5 8.
Bd3 c6 9. Qc2 g6 10. h3 a6 11. a4 c5 12. b3 Re8 13. O-O Nh5 14. Nxd5 Nxf4 15.
Nxf4 cxd4 16. Nxd4 Ne5 17. Be4 Bf6 18. Rfd1 Qa5 19. Rac1 Rb8 20. Nd5 Bg7 21. f4
f5 22. Nc7 Rd8 23. Bd5+ Rxd5 24. fxe5 Rxe5 25. Qc4+ Kh8 26. Nf3 Re7 27. Rd8+
Bf8 28. Rxf8+ Kg7 29. Qg8+ Kh6 30. Rxc8 Rxc8 31. Qxc8 Rxe3 32. Qxb7 1-0

[Event "DEM U14 2004"]
[Site "Willingen GER"]
[Date "2004.05.30"]
[Round "1"]
[White "Baldauf, Marco"]
[Black "Kölsch, Maximilian"]
[Result "0-1"]
[Termination "normal"]
[Board "1"]
[WhiteElo "2185"]
[BlackElo "1867"]
[PlyCount "74"]
[WhiteFideId "4688210"]
[BlackFideId "24618462"]
[EventCountry "GER"]
[EventRounds "9"]
[EventType "swiss"]
[EventDate "2004.05.29"]

1. e4 c5 2. Nf3 e6 3. d4 cxd4 4. Nxd4 a6 5. c4 Nf6 6. Nc3 Bb4 7. Bd3 Nc6 8. Bc2
Qa5 9. O-O Bxc3 10. Nb3 Qc7 11. bxc3 Ne5 12. c5 b6 13. cxb6 Qxb6 14. Qd4 Qc7
15. f4 Nc6 16. Qd3 a5 17. Qg3 g6 18. Qh4 Qd8 19. f5 gxf5 20. exf5 Nd5 21. Qh5
e5 22. f6 d6 23. Qf3 Qb6+ 24. Kh1 Bb7 25. Qxd5 Nd4 26. Qxb7 Qxb7 27. cxd4 a4
28. Nd2 Rg8 29. Rf2 Qd5 30. Bb2 a3 31. Bc3 Qc6 32. Ne4 Rg4 33. dxe5 dxe5 34.
Rf3 Rb8 35. Re1 Rb2 36. Bxb2 Qxc2 37. Bxa3 Qxg2# 0-1

[Event "DEM U14 2004"]
[Site "Willingen GER"]
[Date "2004.05.30"]
[Round "1"]
[White "Völbel, Patrick"]
[Black "Lubbe, Nikolas"]
[Result "1/2-1/2"]
[Termination "normal"]
[Board "2"]
[WhiteElo "1867"]
[BlackElo "2109"]
[PlyCount "48"]
[WhiteFideId "24622583"]
[BlackFideId "4694031"]
[EventCountry "GER"]
[EventRounds "9"]
[EventType "swiss"]
[EventDate "2004.05.29"]

1. d4 d5 2. c4 c6 3. Nc3 e6 4. Nf3 f5 5. Bf4 Nf6 6. e3 Be7 7. h3 Ne4 8. Be2 Qa5
9. Qb3 Nd7 10. O-O Ndf6 11. Qc2 Nxc3 12. bxc3 Ne4 13. Rac1 Ba3 14. Rb1 Nxc3 15.
Rb3 Nxe2+ 16. Qxe2 Be7 17. Ne5 O-O 18. Rc1 Qd8 19. c5 Qe8 20. Bh2 Kh8 21. Kh1
Bd8 22. Kg1 Kg8 23. Kh1 Qe7 24. Rb2 Qe8 1/2-1/2

[Event "DEM U14 2004"]
[Site "Willingen GER"]
[Date "2004.05.30"]
[Round "1"]
[White "Beck, Frederik"]
[Black "Savchenko, Aleksij"]
[Result "1-0"]
[Termination "normal"]
[Board "3"]
[WhiteElo "2095"]
[BlackElo "1844"]
[PlyCount "85"]
[WhiteFideId "4687388"]
[BlackFideId "24611727"]
[EventCountry "GER"]
[EventRounds "9"]
[EventType "swiss"]
[EventDate "2004.05.29"]

1. e4 c5 2. Nf3 e6 3. d4 cxd4 4. Nxd4 a6 5. Bd3 Qc7 6. O-O Nf6 7. Qe2 d6 8. Kh1
Nbd7 9. f4 Be7 10. c4 b6 11. Nc3 Bb7 12. Bd2 Rc8 13. Rae1 Nc5 14. Bb1 e5 15.
Nf5 O-O 16. Nxe7+ Qxe7 17. fxe5 dxe5 18. Nd5 Bxd5 19. exd5 Ncd7 20. Bg5 Rfe8
21. Bf5 Qc5 22. Bxf6 Nxf6 23. Bxc8 Qxc8 24. b3 Qc5 25. Qe3 Qd6 26. Rd1 Nd7 27.
Qc3 a5 28. Qb2 g6 29. a3 Rc8 30. Rc1 Nc5 31. Qc3 f5 32. b4 axb4 33. axb4 Ne4
34. Qb2 Nf6 35. c5 bxc5 36. bxc5 Qxd5 37. Rfd1 Qe6 38. Rd6 Qe7 39. Qa2+ Kg7 40.
Qa6 Rf8 41. Re6 Qc7 42. Qb6 Rf7 43. Rxf6 1-0

[Event "DEM U14 2004"]
[Site "Willingen GER"]
[Date "2004.05.30"]
[Round "1"]
[White "Müller, Jan-Hendrik"]
[Black "Bogner, Sebastian"]
[Result "1-0"]
[Termination "normal"]
[Board "4"]
[WhiteElo "1831"]
[BlackElo "2093"]
[PlyCount "61"]
[WhiteFideId "24615048"]
[BlackFideId "4692055"]
[EventCountry "GER"]
[EventRounds "9"]
[EventType "swiss"]
[EventDate "2004.05.29"]

1. e4 c5 2. Nf3 d6 3. d4 cxd4 4. Nxd4 Nf6 5. Nc3 a6 6. Bc4 e6 7. Bb3 Nbd7 8.
O-O Nc5 9. Re1 Be7 10. Nf3 Qc7 11. Bf4 b5 12. e5 dxe5 13. Bxe5 Qa7 14. Nd4 Bd7
15. Qf3 O-O 16. Rad1 Rac8 17. Nce2 Qa8 18. Qxa8 Rxa8 19. c3 Rac8 20. Bc2 Rfd8
21. Ng3 Nd5 22. Ndf5 Bf8 23. Ne3 Bc6 24. Nxd5 Bxd5 25. a3 f6 26. Bd4 e5 27.
Bxc5 Bxc5 28. Rxd5 Rxd5 29. Bb3 Rcd8 30. Rd1 Kf8 31. Rxd5 1-0

[Event "DEM U14 2004"]
[Site "Willingen GER"]
[Date "2004.05.30"]
[Round "1"]
[White "Tereick, Benjamin"]
[Black "Trapp, Maximilian"]
[Result "1-0"]
[Termination "normal"]
[Board "5"]
[WhiteElo "2090"]
[BlackElo "1820"]
[PlyCount "46"]
[WhiteFideId "24607541"]
[EventCountry "GER"]
[EventRounds "9"]
[EventType "swiss"]
[EventDate "2004.05.29"]

1. c4 f5 2. g3 Nf6 3. Bg2 e6 4. Nf3 d5 5. O-O Bd6 6. Nc3 c6 7. d3 O-O 8. e4
dxe4 9. dxe4 e5 10. Re1 Qc7 11. Qc2 fxe4 12. Ng5 Bf5 13. Be3 Ng4 14. Bxe4 Nxe3
15. Rxe3 g6 16. c5 Bxc5 17. Bxf5 Rxf5 18. Qb3+ Kh8 19. Ne6 Qe7 20. Nxc5 Qxc5
21. Qxb7 Qb6 22. Qxa8 Rf8 23. Na4 Qa5 1-0